| 000 | 00648nam a2200229Ia 4500 | ||
|---|---|---|---|
| 005 | 20250326144402.0 | ||
| 008 | 250326s9999 xx 000 0 und d | ||
| 020 | _a978-0-7637-5681-9 | ||
| 037 | _aTextbook | ||
| 040 |
_aFMSL _beng _cFMSL |
||
| 041 |
_aeng _2eng |
||
| 084 |
_aL:5 P9 _qFMSL |
||
| 100 |
_aFallon L Fleming _9749579 |
||
| 245 | 0 |
_aEssentials of public health management _cFallon L Fleming; Zgodzinski Eric J |
|
| 250 | _a2 | ||
| 260 |
_aLondon _bLondon, Jones And Bartlett _c2009 |
||
| 300 | _axvi,509 | ||
| 365 | _b2248.02 | ||
| 650 |
_aHealth Care _9239808 |
||
| 942 |
_cTB _hL:5 P9 |
||
| 999 |
_c1303519 _d1303519 |
||